Cảm ơn người lớn : Truyện
Sách gồm 19 chương nói về tình bạn ngây thơ, tình xóm giềng tốt lành nhân ái, tình yêu đắm đuối ngọt ngào...
Saved in:
| Main Author: | |
|---|---|
| Other Authors: | |
| Format: | Book |
| Language: | Vietnamese |
| Published: |
Hồ Chí Minh
Trẻ
2018
|
| Subjects: | |
| Tags: |
Add Tag
No Tags, Be the first to tag this record!
|
| Institutions: | Thư viện Trường Đại học Nam Cần Thơ |
|---|
| LEADER | 01002nam a22002057a 4500 | ||
|---|---|---|---|
| 001 | NCT_58712 | ||
| 008 | 190212b xxu||||| |||| 00| 0 vie d | ||
| 999 | |c 2846 |d 2846 | ||
| 020 | |a 9786041132016 |c 220000 | ||
| 082 | 0 | 4 | |2 23rd ed. |a 895.92234 |b A107 |
| 100 | 1 | |a Nguyễn Nhật Ánh | |
| 245 | 1 | 0 | |a Cảm ơn người lớn : |b Truyện |c Nguyễn Nhật Ánh ; Đỗ Hoàng Tường(minh họa) |
| 260 | |a Hồ Chí Minh |b Trẻ |c 2018 | ||
| 300 | |a 264 tr. |b Minh họa |c 20cm | ||
| 520 | 3 | |a Sách gồm 19 chương nói về tình bạn ngây thơ, tình xóm giềng tốt lành nhân ái, tình yêu đắm đuối ngọt ngào... | |
| 653 | |a Sách tham khảo | ||
| 700 | 1 | |a Đỗ Hoàng Tường |e Minh họa | |
| 942 | |2 ddc |c BK | ||
| 952 | |0 0 |1 0 |2 ddc |4 0 |6 895_922340000000000_A107 |7 0 |9 15360 |a 000001 |b 000001 |d 2019-02-12 |o 895.92234 A107 |p TK.01306 |r 2019-02-12 |v 220000.00 |w 2019-02-12 |y BK | ||
| 980 | |a Thư viện Trường Đại học Nam Cần Thơ | ||


